000 01037nam0a22002531 4500
001 rc\4139792
005 20260407092014.0
021 _aRU
_b[54-49743]
035 _a(NLR Aleph) 008162274
090 _a7801701
_c7801701
100 _a20130415d1954 |||y0rusy50 ca
101 0 _arus
102 _aRU
105 _aa z |||||
200 1 _aОпределение малых сопротивлений при помощи двойного мостика
_eИнструкция
_fНовочеркас. политехн. ин-т им. С. Орджоникидзе. Кафедра физики
210 _aНовочеркасск
_cБ. и.
_d1954
215 _aТит. л., 2 с.
_cсхем.
_d29
606 _aМостики измерительные
_2psbo
712 0 2 _aНовочеркасский политехнический институт им. С. Орджоникидзе
_3RU\NLR\AUTH\8818046
_9309295
801 0 _aRU
_bNLR
_gpsbo
801 1 _aRU
_bELAR
_2rusmarc
852 _aNLR
_jФз02 Г-8/386
942 _cBOOK
980 _aNB